Регионална библиотека "Любен Каравелов" - Русе

Нечисти пари (Запис номер 807)

MARC детайли
000 -Лидер
Контролно поле с фиксирана дължина 01359nam a2200337 c 4500
003 - Код на организацията, давaща контролен номер
Контролно поле BLK
005 - Дата и час на последна редакция
Контролно поле 20180420213247.0
008 - Елементи от данни с фиксирана дължина
fixed length control field 180412b bul|||||r ||||||| ||bul||
010 ## - Наследен системен номер
LC control number KNG00001414000
020 ## - Международен стандартен номер на книга ISBN
Международен стандартен номер на книга ISBN 954-8029-18-9
-- издат.: Еквус арт
040 ## - Източник на каталожния запис
Идентификатор на билиотеката - собственик на записа BLK
041 ## - Код за език
Код за езика на текст/звукозапис или на отделно заглавие Български
Код за езика КДБФ Български
080 ## - УДК
Текстов определител УДК Американска литература (на САЩ)
УДК код - определител по УДК 821.111(73)
УДК определител -312.4
УДК - код + определител 821.111(73)-312.4
100 1# - Редна дума - Автор
Автор Макдоналд, Рос
Авторска отговорност първи автор
Автор - информация (биография) Милар, Кенет
R(LIN) 243057
139 ## - Редно поле
Редна дума Макдоналд, Рос
Авторски знак Мак - М 19
245 10 - Сведения за заглавието
Заглавие Нечисти пари
Подзаглавни данни [Кримин.] роман с Лю Арчър
Редно поле (дума) Рос Макдоналд; прев. Кристин Балчева; Кенет Милар.
257 ## - Страна на издаване
Страна на създаване/издаване Съединени американски щати
260 ## - Област на издателските данни
-- София
Име на издателя, разпространителя и проч. Еквус арт
Година на издаване 1994
300 ## - Физическа характеристика
Страници 272 с.
Размери/Мащаб 20 см
380 ## - Жанр
Жанр Худож. лит.
500 ## - Общи забележки
Забележка Ориг. загл. Black Money / Ross Macdonald. - Рос Макдоналд - псевд. на Кенет Милар. - Офс. изд. - 7 000 тир.
653 ## - Ключова дума – ненормативна
Ключова дума крими
653 ## - Ключова дума – ненормативна
Ключова дума романи
700 1# - Други автори (авторска отговорност)
Лично име Балчева, Кристин
Автороска отговорност (Описва отношението между автора и произведението) прев.
9 (RLIN) 243058
700 1# - Други автори (авторска отговорност)
Лично име Милар, Кенет
9 (RLIN) 243059
852 ## - Местоположение
Форматна сигнатура Цб 177179
856 4# - Електронен адрес и достъп
Електронен формат pdf - файл
Път до файла /url/
856 4# - Електронен адрес и достъп
Електронен формат pdf - файл
Път до файла /url/
942 ## - АРТИКУЛИ
Вид на библиотечния материал Книги
Скрит в OPAC Не
944 ## - СЪЗДАВАНЕ И РЕДАКЦИЯ на ЗАПИСА
Създаване/Редакция Създаване
Дата на регистрацията/редакция 15.01.2003
Статус, дата на статуса ф /
Служител, извършил регистрацията/редакцията Людмила_Стоянова
944 ## - СЪЗДАВАНЕ И РЕДАКЦИЯ на ЗАПИСА
Създаване/Редакция Редакция
Дата на регистрацията/редакция 27.10.2009
Статус, дата на статуса ф /
Служител, извършил регистрацията/редакцията
999 ## - СИСТЕМНИ КОНТРОЛНИ НОМЕРА
Koha biblionumber 807
Koha biblioitemnumber 807
Наличности
Код за отписване Код за изгубен артикул Източник на класификационната схема Код за повреда Коз за рестрикции Код за отдаване Артикулен № Име на библиотеката - собственик Име на библиотеката, в която се намира в момента Статус (Текущо местоположение) Дата на вписване в системата Местоположение - отдел Цена в лева Инвентарен номер Систематично азбучна сигнатура Баркод Номер на екземпляра Цена в евро Служебна бележка Служебен тип на артикула
Изтеглен Не е изгубен Universal Decimal Classification Не е повреден без рестрикции заемане за дома 1665 Регионална библиотека "Любен Каравелов" Русе Регионална библиотека "Любен Каравелов" Русе Заемна - подръчен фонд 2001-01-01 Заемна - подръчен фонд 2.00 630622 П 820(73)-31/М 19 630622 1 1.02 Дост: Pk Вид: Ф N: стар фонд Дата: 01.01.1994 Книги
  Не е изгубен Universal Decimal Classification Не е повреден без рестрикции ползва се в читалня 1666 Регионална библиотека "Любен Каравелов" Русе Регионална библиотека "Любен Каравелов" Русе Хранилище 1994-01-01 Хранилище 0.70 601233 Цб 177179 120000601233 2 0.36 Дост: Dp Вид: Д N: стар фонд Дата: 01.01.1994 Книги
Vip Innovations Ltd, Rousse, Bulgaria 2025